Normal view MARC view
  • Marketing

Entry Topical Term

Number of records used in: 2

001 - CONTROL NUMBER

  • control field: 56155

003 - CONTROL NUMBER IDENTIFIER

  • control field: OSt

005 - DATE AND TIME OF LATEST TRANSACTION

  • control field: 20220806105154.0

008 - FIXED-LENGTH DATA ELEMENTS

  • fixed length control field: 220806|| aca||aabn | a|a d

040 ## - CATALOGING SOURCE

  • Original cataloging agency: OSt
  • Transcribing agency: OSt

150 ## - HEADING--TOPICAL TERM

  • Topical term or geographic name entry element: Marketing

670 ## - SOURCE DATA FOUND

  • Source citation: Work cat.: (OSt)32381: Bootwala, Shaila. 56154, Advertising Management, 2010